[Event "HUN-chT2 Szechenyi 1718"]
[Site "Hungary"]
[Date "2018.02.18"]
[Round "6.3"]
[White "Paksa, Rudolf"]
[Black "Gergacz, Balazs"]
[Result "1-0"]
[WhiteElo "2018"]
[BlackElo "2007"]
[PlyCount "53"]
[EventDate "2017.10.29"]
[EventType "team-tourn"]
[EventRounds "9"]
[EventCountry "HUN"]
[SourceTitle "EXT 2021"]
[Source "ChessBase"]
[SourceDate "2020.10.23"]
[SourceVersion "1"]
[SourceVersionDate "2020.10.23"]
[SourceQuality "1"]
[WhiteTeam "Ajka ASSE"]
[BlackTeam "Sarvar"]
[WhiteTeamCountry "HUN"]
[BlackTeamCountry "HUN"]

1. e4 g6 2. d4 Bg7 3. Nc3 d6 4. Be3 c6 5. a4 Nf6 6. h3 0-0 7. Nf3 e5 8. Bd3 Qc7 9. 0-0 Nbd7 10. dxe5 dxe5 11. Bc4 b6 12. Qd2 Nh5 13. Rad1 Nf4 14. Qd6 Qxd6 15. Rxd6 c5 16. Rfd1 Nf6 17. a5 Ne8 18. Rd8 Bf6 19. R8d2 Nc7 20. axb6 axb6 21. Rd6 Be6 22. Bxe6 Nfxe6 23. Rxb6 Rab8 24. Rc6 Rxb2 25. Nd5 Bd8 26. Nxe5 Rxc2 27. Nd7 1-0

[Event "HUN-chT2 Szechenyi 1718"]
[Site "Hungary"]
[Date "2018.01.28"]
[Round "5.2"]
[White "Egresi, Mate"]
[Black "Gergacz, Balazs"]
[Result "1-0"]
[WhiteElo "2290"]
[BlackElo "2007"]
[PlyCount "75"]
[EventDate "2017.10.29"]
[EventType "team-tourn"]
[EventRounds "9"]
[EventCountry "HUN"]
[SourceTitle "EXT 2021"]
[Source "ChessBase"]
[SourceDate "2020.10.23"]
[SourceVersion "1"]
[SourceVersionDate "2020.10.23"]
[SourceQuality "1"]
[WhiteTeam "Ajka Banyasz"]
[BlackTeam "Sarvar"]
[WhiteTeamCountry "HUN"]
[BlackTeamCountry "HUN"]

1. d4 d5 2. c4 Nf6 3. cxd5 Nxd5 4. e4 Nf6 5. Nc3 e6 6. Be3 Be7 7. Nf3 0-0 8. Bd3 Nbd7 9. Rc1 Re8 10. e5 Nd5 11. Nxd5 exd5 12. Qc2 c6 13. Bxh7+ Kh8 14. h4 Nf8 15. Ng5 Be6 16. Bf5 Kg8 17. Bxe6 fxe6 18. 0-0 Rc8 19. g3 Rc7 20. Qa4 a6 21. Nf3 Qc8 22. Bg5 Nh7 23. Bxe7 Rcxe7 24. b4 Rf7 25. Rc3 Ref8 26. Kg2 Qd8 27. Qc2 Rf5 28. a3 Qe8 29. Nh2 Qf7 30. f3 g5 31. Ng4 Qg7 32. h5 Kh8 33. a4 Ra8 34. Rb1 Qd7 35. b5 axb5 36. axb5 Rc8 37. bxc6 Rxc6 38. Rxc6 1-0

[Event "HUN-chT2 Szechenyi 1617"]
[Site "Hungary"]
[Date "2017.03.12"]
[Round "10.1"]
[White "Gergacz, Balazs"]
[Black "Plank, Franz"]
[Result "1/2-1/2"]
[WhiteElo "2028"]
[BlackElo "2236"]
[PlyCount "46"]
[EventDate "2016.09.25"]
[EventType "team-tourn"]
[EventRounds "11"]
[EventCountry "HUN"]
[SourceTitle "EXT 2021"]
[Source "ChessBase"]
[SourceDate "2020.10.23"]
[SourceVersion "1"]
[SourceVersionDate "2020.10.23"]
[SourceQuality "1"]
[WhiteTeam "Sarvar"]
[BlackTeam "Lovo"]
[WhiteTeamCountry "HUN"]
[BlackTeamCountry "HUN"]

1. b3 c5 2. Bb2 Nc6 3. g3 e5 4. Bg2 d5 5. e3 Be6 6. Ne2 Qd7 7. h4 h5 8. d3 f6 9. Nd2 Bd6 10. a3 Bc7 11. e4 d4 12. Bc1 Ba5 13. Kf1 b5 14. Nf3 a6 15. Nfg1 Nge7 16. Nh3 g6 17. Kg1 Nc8 18. Kh2 Nd6 19. Rf1 c4 20. f4 Bg4 21. Nf2 Be6 22. Nh3 Bg4 23. Nf2 Be6 1/2-1/2

[Event "HUN-chT2 Szechenyi 1516"]
[Site "Hungary"]
[Date "2015.12.06"]
[Round "6.1"]
[White "Gergacz, Balazs"]
[Black "Vertetics, Attila"]
[Result "0-1"]
[WhiteElo "2034"]
[BlackElo "2417"]
[PlyCount "112"]
[EventDate "2015.09.13"]
[EventType "team-tourn"]
[EventRounds "11"]
[EventCountry "HUN"]
[SourceTitle "CBM 170 Extra"]
[Source "ChessBase"]
[SourceDate "2016.02.25"]
[SourceVersion "1"]
[SourceVersionDate "2016.02.25"]
[SourceQuality "1"]
[WhiteTeam "Sarvar"]
[BlackTeam "Gyor Elektromos"]
[WhiteTeamCountry "HUN"]
[BlackTeamCountry "HUN"]

1. e4 c6 2. d4 d5 3. e5 Bf5 4. c3 e6 5. Be3 Nd7 6. Nd2 Ne7 7. f4 Qb6 8. Qb3 f6 9. Ngf3 Bg6 10. Be2 Nf5 11. Bf2 h5 12. Nh4 Nxh4 13. Bxh4 Be7 14. 0-0 Bf5 15. Bf2 a5 16. c4 Qxb3 17. axb3 Kf7 18. Be3 Bb4 19. Nf3 Bc2 20. Bd2 Bxb3 21. Bxb4 axb4 22. Nd2 Bxc4 23. Bxc4 dxc4 24. Nxc4 Ke7 25. Rae1 f5 26. Rc1 Ra2 27. Rf2 b6 28. Ne3 Nb8 29. Rc4 b5 30. Rxb4 Rd8 31. d5 cxd5 32. Rxb5 Nc6 33. Nc2 Rd7 34. Rb6 Rc7 35. g3 Raa7 36. Nb4 Nd4 37. Kg2 Rab7 38. Rxb7 Rxb7 39. Nd3 Rc7 40. Rd2 Nb3 41. Rf2 Rc4 42. Ne1 d4 43. Nd3 Kd7 44. h3 Kc6 45. Kf3 Kd5 46. Rf1 g6 47. Rf2 Nc5 48. Rd2 Na6 49. Rg2 Rc6 50. Rd2 Rb6 51. Rc2 Rb3 52. Ke2 h4 53. gxh4 Rxd3 54. Kxd3 Nb4+ 55. Kd2 Nxc2 56. Kxc2 Ke4 0-1

[Event "HUN-chT2 Szechenyi 1516"]
[Site "Hungary"]
[Date "2015.11.29"]
[Round "5.1"]
[White "Kislik, Erik Andrew"]
[Black "Gergacz, Balazs"]
[Result "1-0"]
[WhiteElo "2367"]
[BlackElo "2034"]
[PlyCount "77"]
[EventDate "2015.09.13"]
[EventType "team-tourn"]
[EventRounds "11"]
[EventCountry "HUN"]
[SourceTitle "CBM 170 Extra"]
[Source "ChessBase"]
[SourceDate "2016.02.25"]
[SourceVersion "1"]
[SourceVersionDate "2016.02.25"]
[SourceQuality "1"]
[WhiteTeam "Ajka Banyasz"]
[BlackTeam "Sarvar"]
[WhiteTeamCountry "HUN"]
[BlackTeamCountry "HUN"]

1. d4 d5 2. c4 dxc4 3. e4 Nc6 4. Nf3 Bg4 5. d5 Ne5 6. Bf4 Ng6 7. Be3 e5 8. Bxc4 Nf6 9. Nc3 a6 10. 0-0 Bd6 11. Be2 0-0 12. Nd2 Bd7 13. Nc4 Ne8 14. a4 f5 15. exf5 Bxf5 16. g3 Qe7 17. a5 Bb4 18. Na2 Bd6 19. Re1 Kh8 20. Qb3 Bc8 21. Nc3 Bb4 22. Bd3 Bxc3 23. Qxc3 e4 24. Bd4 Bf5 25. Bf1 Qd7 26. Bg2 Nf6 27. Ne3 Rae8 28. Rac1 Rf7 29. Qb3 Kg8 30. Qxb7 Ne5 31. Bxe5 Rxe5 32. Qxa6 Bg6 33. Qb7 Nxd5 34. Red1 c6 35. Qxd7 Rxd7 36. Rxc6 Be8 37. Rc8 Kf7 38. Nc4 Ree7 39. Bh3 1-0

[Event "HUN-chT2 Szechenyi 1516"]
[Site "Hungary"]
[Date "2015.10.18"]
[Round "3.1"]
[White "Egresi, Mate"]
[Black "Gergacz, Balazs"]
[Result "0-1"]
[WhiteElo "2178"]
[BlackElo "2034"]
[PlyCount "150"]
[EventDate "2015.09.13"]
[EventType "team-tourn"]
[EventRounds "11"]
[EventCountry "HUN"]
[SourceTitle "CBM 170 Extra"]
[Source "ChessBase"]
[SourceDate "2016.02.25"]
[SourceVersion "1"]
[SourceVersionDate "2016.02.25"]
[SourceQuality "1"]
[WhiteTeam "Lovo"]
[BlackTeam "Sarvar"]
[WhiteTeamCountry "HUN"]
[BlackTeamCountry "HUN"]

1. d4 d5 2. c4 e6 3. Nf3 Nf6 4. Nc3 a6 5. cxd5 exd5 6. Bg5 Be7 7. e3 h6 8. Bf4 Bd6 9. Be5 c6 10. Bd3 0-0 11. 0-0 Re8 12. Na4 Bg4 13. Bxd6 Qxd6 14. h3 Bc8 15. Ne5 Nbd7 16. f4 b5 17. Nc3 c5 18. g4 Bb7 19. Qf3 Ne4 20. Nxe4 dxe4 21. Bxe4 Bxe4 22. Qxe4 f6 23. Qg6 Re7 24. Rac1 cxd4 25. Qe4 Rae8 26. Rc6 Qb4 27. Qd5+ Kh7 28. Nxd7 dxe3 29. Nxf6+ Kh8 30. Nxe8 e2 31. Re6 exf1Q+ 32. Kxf1 Qxf4+ 33. Ke2 Rf7 34. Nf6 gxf6 35. Re3 Kg7 36. Qf3 Qc4+ 37. Kf2 Qxa2 38. Re2 Qc4 39. Kg2 Rd7 40. Rf2 Qd5 41. Qxd5 Rxd5 42. Kg3 Rd3+ 43. Kh4 Rb3 44. Rc2 a5 45. Rd2 a4 46. Rc2 Kf7 47. Re2 b4 48. Rc2 a3 49. bxa3 bxa3 50. Rc7+ Ke6 51. Rc6+ Ke5 52. Ra6 Rf3 53. Kh5 Rxh3+ 54. Kg6 Rg3 55. Ra5+ Kd4 56. Kxf6 Kc4 57. Kf5 Kb4 58. Ra6 Rh3 59. Rb6+ Kc3 60. Ra6 Kb2 61. Re6 Rh2 62. Kg6 a2 63. Rb6+ Kc1 64. Rc6+ Kb1 65. Rb6+ Rb2 66. Rf6 Rb4 67. Rf1+ Kb2 68. Rf2+ Ka3 69. Rf3+ Ka4 70. Rf8 Rxg4+ 71. Kxh6 Rg2 72. Rb8 Ka3 73. Ra8+ Kb2 74. Rb8+ Kc1 75. Rc8+ Kb1 0-1

[Event "HUN-chT2 Szechenyi 1415"]
[Site "Hungary"]
[Date "2014.09.07"]
[Round "1.1"]
[White "Gergacz, Balazs"]
[Black "Csonka, Attila Istvan"]
[Result "0-1"]
[WhiteElo "2038"]
[BlackElo "2339"]
[PlyCount "56"]
[EventDate "2014.09.07"]
[EventType "team-tourn"]
[EventRounds "11"]
[EventCountry "HUN"]
[SourceTitle "EXT 2016"]
[Source "ChessBase"]
[SourceDate "2015.10.08"]
[SourceVersion "1"]
[SourceVersionDate "2015.10.08"]
[SourceQuality "1"]
[WhiteTeam "Sarvar"]
[BlackTeam "HVSE Infraplan"]
[WhiteTeamCountry "HUN"]
[BlackTeamCountry "HUN"]

1. b3 d5 2. Bb2 c5 3. e3 Nc6 4. Bb5 Nf6 5. Ne2 Bg4 6. 0-0 e6 7. d3 Bd6 8. Bxc6+ bxc6 9. Nd2 0-0 10. h3 Bh5 11. Qe1 Rb8 12. e4 Nd7 13. f4 f6 14. Kh1 e5 15. g4 Bf7 16. f5 c4 17. Qg3 cxd3 18. cxd3 Bb4 19. Rad1 Qa5 20. g5 Bxd2 21. gxf6 Nxf6 22. Bxe5 Nh5 23. Qg4 Rbe8 24. Ba1 dxe4 25. Rg1 Bh6 26. Nf4 exd3 27. Bxg7 Nxg7 28. f6 Bd5+ 0-1

[Event "HUN-chT2 Szechenyi 1213"]
[Site "Hungary"]
[Date "2013.03.03"]
[Round "8.1"]
[White "Gergacz, Balazs"]
[Black "Kozma, Karoly"]
[Result "0-1"]
[WhiteElo "2036"]
[BlackElo "2311"]
[PlyCount "42"]
[EventDate "2012.09.16"]
[EventType "team-tourn"]
[EventRounds "11"]
[EventCountry "HUN"]
[SourceTitle "EXT 2014"]
[Source "ChessBase"]
[SourceDate "2013.11.20"]
[SourceVersion "1"]
[SourceVersionDate "2013.11.20"]
[SourceQuality "1"]
[WhiteTeam "Sarvar"]
[BlackTeam "Ajka Banyasz"]
[WhiteTeamCountry "HUN"]
[BlackTeamCountry "HUN"]

1. e4 c5 2. Nf3 d6 3. Bb5+ Nc6 4. 0-0 a6 5. Bxc6+ bxc6 6. c4 e5 7. d3 Ne7 8. Nc3 Ng6 9. Re1 Be7 10. Nd2 0-0 11. Nf1 f5 12. f3 Bh4 13. g3 f4 14. Re2 fxg3 15. hxg3 Bh3 16. Rh2 Bxf1 17. gxh4 Nxh4 18. Rxh4 Qxh4 19. Kxf1 Rf6 20. Be3 Raf8 21. f4 Rxf4+ 0-1

[Event "HUN-chT2 Szechenyi 1213"]
[Site "Hungary"]
[Date "2012.11.18"]
[Round "4.1"]
[White "Gergacz, Balazs"]
[Black "Istvandi, Lajos"]
[Result "0-1"]
[WhiteElo "2036"]
[BlackElo "2307"]
[PlyCount "66"]
[EventDate "2012.09.16"]
[EventType "team-tourn"]
[EventRounds "11"]
[EventCountry "HUN"]
[SourceTitle "EXT 2014"]
[Source "ChessBase"]
[SourceDate "2013.11.20"]
[SourceVersion "1"]
[SourceVersionDate "2013.11.20"]
[SourceQuality "1"]
[WhiteTeam "Sarvar"]
[BlackTeam "Tapolca"]
[WhiteTeamCountry "HUN"]
[BlackTeamCountry "HUN"]

1. e4 c5 2. Nc3 Nc6 3. g3 g6 4. Bg2 Bg7 5. Nge2 d6 6. 0-0 Bg4 7. h3 Bd7 8. d3 Qc8 9. Kh2 Nf6 10. Qe1 Nd4 11. Qd1 h5 12. h4 0-0 13. f3 Qc7 14. Be3 e5 15. Qd2 Be6 16. Nd1 d5 17. Nec3 dxe4 18. Nxe4 Nd5 19. Bh6 Rad8 20. Bxg7 Kxg7 21. Rc1 f6 22. Ndf2 b5 23. Rfe1 c4 24. c3 Nf5 25. Bf1 Bf7 26. Qe2 cxd3 27. Nxd3 Nde3 28. b3 Nxf1+ 29. Qxf1 Bd5 30. Ndc5 Qc6 31. Qf2 Bxe4 32. fxe4 Nh6 33. Kg2 Ng4 0-1

[Event "HUN-chT2 Szechenyi 1112"]
[Site "Hungary"]
[Date "2012.01.29"]
[Round "5.1"]
[White "Gergacz, Balazs"]
[Black "Parkanyi, Attila"]
[Result "1/2-1/2"]
[WhiteElo "2033"]
[BlackElo "2272"]
[PlyCount "48"]
[EventDate "2011.09.25"]
[EventType "team-tourn"]
[EventRounds "11"]
[EventCountry "HUN"]
[SourceTitle "EXT 2013"]
[Source "ChessBase"]
[SourceDate "2012.11.22"]
[SourceVersion "1"]
[SourceVersionDate "2012.11.22"]
[SourceQuality "1"]
[WhiteTeam "Sarvar"]
[BlackTeam "Zala Volan"]
[WhiteTeamCountry "HUN"]
[BlackTeamCountry "HUN"]

1. e4 g6 2. d4 Bg7 3. Nc3 d6 4. Be3 a6 5. f4 b5 6. Nf3 Bb7 7. Bd3 Nf6 8. e5 Nd5 9. Nxd5 Bxd5 10. 0-0 Nd7 11. a4 c6 12. Qe2 0-0 13. Nd2 Qc7 14. c3 Rab8 15. b3 c5 16. axb5 axb5 17. Bxb5 Bxg2 18. Rfc1 Ba8 19. Bd3 f5 20. Kf2 dxe5 21. Bc4+ Kh8 22. Nf3 exf4 23. Bd2 Nf6 24. Ng5 Ne4+ 1/2-1/2

[Event "HUN-chT2 Szechenyi 1112"]
[Site "Hungary"]
[Date "2011.09.25"]
[Round "1.1"]
[White "Gergacz, Balazs"]
[Black "Joo, Gabor"]
[Result "1-0"]
[WhiteElo "2033"]
[BlackElo "2085"]
[PlyCount "105"]
[EventDate "2011.09.25"]
[EventType "team-tourn"]
[EventRounds "11"]
[EventCountry "HUN"]
[SourceTitle "EXT 2013"]
[Source "ChessBase"]
[SourceDate "2012.11.22"]
[SourceVersion "1"]
[SourceVersionDate "2012.11.22"]
[SourceQuality "1"]
[WhiteTeam "Sarvar"]
[BlackTeam "Haladas"]
[WhiteTeamCountry "HUN"]
[BlackTeamCountry "HUN"]

1. e4 c5 2. Nf3 d6 3. Bb5+ Bd7 4. Bxd7+ Qxd7 5. 0-0 Nc6 6. Re1 e6 7. c3 Nf6 8. d4 cxd4 9. cxd4 Be7 10. Nc3 0-0 11. Bg5 h6 12. Bh4 Rfd8 13. Qd2 Rac8 14. Rac1 Qe8 15. h3 d5 16. Bxf6 Bxf6 17. exd5 Nb4 18. dxe6 fxe6 19. Ne4 Be7 20. Rxc8 Rxc8 21. Nc5 Bxc5 22. dxc5 Nd5 23. b4 Rd8 24. a3 Nc7 25. Qf4 Qf7 26. Qe4 Rd5 27. Nd4 e5 28. Nf3 Nb5 29. Nxe5 Qe6 30. Nc4 Qxe4 31. Rxe4 Rd1+ 32. Kh2 Kf7 33. Kg3 Kf6 34. h4 g6 35. Re3 Nd4 36. Kh2 Nf5 37. Re4 Rd3 38. g3 g5 39. hxg5+ hxg5 40. Kg2 Rc3 41. a4 Rb3 42. b5 Rb4 43. Nd6 Rxe4 44. Nxe4+ Ke5 45. Nd6 Nxd6 46. cxd6 Kxd6 47. Kh3 Kc5 48. f4 gxf4 49. gxf4 Kb4 50. f5 Kxa4 51. f6 Kxb5 52. f7 a5 53. f8Q 1-0

[Event "HUN-chT2 Charousek 0910"]
[Site "Hungary"]
[Date "2010.05.02"]
[Round "11"]
[White "Gergacz, Balazs"]
[Black "Sipos, Janos"]
[Result "0-1"]
[WhiteElo "2023"]
[BlackElo "2257"]
[PlyCount "79"]
[EventDate "2009.11.08"]
[EventType "team-tourn"]
[EventRounds "11"]
[EventCountry "HUN"]
[SourceTitle "EXT 2011"]
[Source "ChessBase"]
[SourceDate "2010.11.26"]
[SourceVersion "1"]
[SourceVersionDate "2010.11.26"]
[SourceQuality "1"]
[WhiteTeam "Sarvar"]
[BlackTeam "Aquaprofit II"]
[WhiteTeamCountry "HUN"]
[BlackTeamCountry "HUN"]

1. e4 d6 2. d4 Nf6 3. Nc3 Nbd7 4. Be3 e5 5. Qd2 Be7 6. f3 0-0 7. 0-0-0 c6 8. g4 b5 9. h4 Nb6 10. h5 Nfd7 11. Nh3 b4 12. Nb1 exd4 13. Bxd4 Ne5 14. Bxe5 dxe5 15. Qxd8 Rxd8 16. Rxd8+ Bxd8 17. Nd2 Be6 18. Be2 Be7 19. Rd1 g6 20. hxg6 fxg6 21. Nf2 Kf7 22. Nd3 Nd7 23. b3 a5 24. Nb2 Kf6 25. Rh1 Rh8 26. Ndc4 Bd8 27. Kd2 Bf7 28. Ke3 Nc5 29. Rd1 Bc7 30. Nd6 Be6 31. f4 exf4+ 32. Kxf4 Ke7 33. e5 Rf8+ 34. Ke3 Nd7 35. Nbc4 Bd5 36. Ne4 Nxe5 37. g5 Nxc4+ 38. Bxc4 Bb6+ 39. Rd4 Rd8 40. Kd3 0-1

[Event "HUN-chT2 Charousek 0809"]
[Site "Hungary"]
[Date "2009.01.11"]
[Round "5"]
[White "Boronyak, Arpad"]
[Black "Gergacz, Balazs"]
[Result "1-0"]
[WhiteElo "2226"]
[BlackElo "2004"]
[PlyCount "105"]
[EventDate "2008.10.26"]
[EventType "team-tourn"]
[EventRounds "11"]
[EventCountry "HUN"]
[SourceTitle "EXT 2010"]
[Source "ChessBase"]
[SourceDate "2010.11.25"]
[SourceVersion "1"]
[SourceVersionDate "2010.11.25"]
[SourceQuality "1"]
[WhiteTeam "Csuti II"]
[BlackTeam "Sarvar"]
[WhiteTeamCountry "HUN"]
[BlackTeamCountry "HUN"]

1. e4 c5 2. Nc3 a6 3. a4 Nc6 4. g3 e6 5. Bg2 Nf6 6. d3 h6 7. f4 d6 8. Nf3 Qc7 9. 0-0 Rb8 10. h3 Nd4 11. Be3 Nxf3+ 12. Qxf3 Bd7 13. Qf2 Bc6 14. d4 b6 15. Rad1 Be7 16. e5 Nd7 17. d5 exd5 18. Nxd5 Bxd5 19. Bxd5 0-0 20. exd6 Bxd6 21. Bg2 c4 22. Rd5 Nc5 23. a5 Rfc8 24. Rfd1 Bf8 25. axb6 Qxb6 26. Bd4 Qb4 27. Bc3 Qb6 28. Kh2 Ne6 29. Qxb6 Rxb6 30. f5 Nc7 31. Rd8 Rbb8 32. Rxc8 Rxc8 33. Rd7 Nb5 34. Ba5 Bc5 35. Bd5 Rf8 36. Bxc4 Nd4 37. b4 Nf3+ 38. Kg2 Ne5 39. Rd5 Nxc4 40. Rxc5 Nxa5 41. bxa5 Rb8 42. Kf3 Kf8 43. Ke4 Ke7 44. Rc7+ Ke8 45. Ra7 Rc8 46. Rxa6 Rxc2 47. Ra7 Rc3 48. a6 Rc6 49. Kd5 Rf6 50. g4 g6 51. Ra8+ Ke7 52. a7 Ra6 53. fxg6 1-0

[Event "HUN-chT2 Charousek 0809"]
[Site "Hungary"]
[Date "2008.11.30"]
[Round "3"]
[White "Gergacz, Balazs"]
[Black "Kardon, Zoltan"]
[Result "0-1"]
[WhiteElo "2004"]
[BlackElo "2211"]
[PlyCount "50"]
[EventDate "2008.10.26"]
[EventType "team-tourn"]
[EventRounds "11"]
[EventCountry "HUN"]
[SourceTitle "EXT 2010"]
[Source "ChessBase"]
[SourceDate "2010.11.25"]
[SourceVersion "1"]
[SourceVersionDate "2010.11.25"]
[SourceQuality "1"]
[WhiteTeam "Sarvar"]
[BlackTeam "Hobagoly"]
[WhiteTeamCountry "HUN"]
[BlackTeamCountry "HUN"]

1. e4 e5 2. Nf3 Nc6 3. Nc3 Nf6 4. Bb5 Bc5 5. 0-0 d6 6. d4 exd4 7. Nxd4 Bd7 8. Nf5 Bxf5 9. exf5 h6 10. Re1+ Kf8 11. Na4 Bb6 12. Nxb6 axb6 13. Bd2 Nd4 14. Bd3 Qd7 15. Bc3 Nc6 16. Qf3 Kg8 17. g4 Kh7 18. h4 Ra4 19. b4 Nxb4 20. g5 Nxd3 21. g6+ fxg6 22. fxg6+ Kxg6 23. h5+ Nxh5 24. Qxd3+ Qf5 25. Re6+ Nf6 0-1

[Event "HUN-chT2 Szechenyi 0708"]
[Site "Hungary"]
[Date "2007.12.16"]
[Round "5"]
[White "Babits, Andras"]
[Black "Gergacz, Balazs"]
[Result "0-1"]
[WhiteElo "2161"]
[BlackElo "1955"]
[PlyCount "24"]
[EventDate "2007.10.14"]
[EventType "team"]
[EventRounds "11"]
[EventCountry "HUN"]
[SourceTitle "EXT 2009"]
[Source "ChessBase"]
[SourceDate "2008.11.26"]
[SourceVersion "1"]
[SourceVersionDate "2008.11.26"]
[SourceQuality "1"]
[WhiteTeam "Keszthely"]
[BlackTeam "Sarvar"]
[WhiteTeamCountry "HUN"]
[BlackTeamCountry "HUN"]

1. e4 e6 2. d4 d5 3. e5 c5 4. Nf3 Qb6 5. Bd3 cxd4 6. 0-0 Nc6 7. a3 a5 8. Re1 f5 9. exf6 Nxf6 10. Bg5 Nd8 11. Nxd4 Bc5 12. c3 0-0 0-1